000 00407pab a2200133 454500
008 180718b xxu||||| |||| 00| 0 eng d
100 _aBanerjee Sumanta
245 _aThe `Beshya' and the `Baby' prostitute and her clientele in 19th century Bengal
362 _a28(45), 6 Nov 93, p.2461-472
650 _a Beshya
650 _aProstitution -- India
773 _aEconomic and Political Weekly
909 _a25681
999 _c25681
_d25681